01322nab a22002057a 4500003000400000005001700004008004100021040000700062100003800069245020300107260007300310300001500383500002800398505038500426505008200811650001800893650001900911700003700930773014900967OSt20251219111111.0190429b xxu||||| |||| 00| 0 spa d cPJ aEsnaola, María de los Ángeles10aFuego latente. Del control de la reproducción al crimen de odio: bla violencia estructural hacia la homosexualidad lésbica en clave histórica y jurídica /cMaría de los Ángeles Esnaola. cCiudad Autónoma de Buenos Aires :aThomson Reuters La Ley, b2025. ap. 171-176 aCita: AR/DOC/1066/2025. aSumario: I. Introducción.— II. Los inicios de la persecución. Relación entre la imposición del capitalismo y el necesario control de la reproducción.— III. Creación del monstruo y legitimación para su exterminio.— IV. Brujas modernas, ¿en dónde quedó eso de la "libertad"?— V. La hoguera de Barracas.— VI. Reflexiones finales.— VII. Bibliografía.  tSi te interesa el texto completo, solicitalo a koha@justierradelfuego.gov.ar  0aDERECHO PENAL 0aCRIMINOLOGÍA aBallesteros, Ignacio E.ecoautor0 02658tRevista de derecho penal y criminología. Nº 5 - Junio 2025dCiudad Autónoma de Buenos Aires : Thomson Reuters La Ley, 2017-x00347914